书目信息 |
| 题名: |
泥塑人体
|
|
| 作者: | 鲁比诺 著 ;卫俊 译 | |
| 分册: | ||
| 出版信息: | 北京 九州出版社 2021 |
|
| 页数: | 194页 | |
| 开本: | 29cm | |
| 丛书名: | ||
| 单 册: | ||
| 中图分类: | J314.7 | |
| 科图分类: | ||
| 主题词: | 人体--泥塑--雕塑技法 | |
| 电子资源: | ||
| ISBN: | 978-7-5225-0304-2 | |
| 000 | 01050nam0 2200241 450 | |
| 001 | 2257956477 | |
| 005 | 20221001160609.78 | |
| 010 | @a978-7-5225-0304-2@dCNY86.00 | |
| 100 | @a20211115d2021 em y0chiy50 ea | |
| 101 | 1 | @achi@ceng |
| 102 | @aCN@b110000 | |
| 105 | @aa z 001yy | |
| 200 | 1 | @a泥塑人体@9ni su ren ti@dSculpting the figure in clay@f(美)彼得·鲁比诺(Peter Rubino)著@g卫俊译@zeng |
| 210 | @a北京@c九州出版社@d2021 | |
| 215 | @a194页@c图,照片@d29cm | |
| 330 | @a本书将向你传授泥塑人体的基础知识,包括基本躯干、肌肉结构以及手和脚的单独塑造技巧,并特别介绍雕塑中的“BLT”法则、“3P”法则、“3F”法则等一系列实用技巧。全书模拟了一个真实的工作室,用近500幅图片带领读者经历了一个完整的雕塑过程:从基本构架、塑造过程到收尾阶段,展示了艺术家如何用工具和双手表达自我。 | |
| 510 | 1 | @aSculpting the figure in clay@zeng |
| 606 | 0 | @a人体@x泥塑@x雕塑技法 |
| 690 | @aJ314.7@v5 | |
| 701 | 0 | @c(美)@a鲁比诺@9lu bi nuo@c(Rubino, Peter@f1947-)@4著 |
| 702 | 0 | @a卫俊@9wei jun@4译 |
| 801 | 0 | @aCN@b91MARC@c20211129 |
| 905 | @aZUCC@dJ314.7@e2 | |
| 泥塑人体=Sculpting the figure in clay/(美)彼得·鲁比诺(Peter Rubino)著/卫俊译.-北京:九州出版社,2021 |
| 194页:图,照片;29cm |
| ISBN 978-7-5225-0304-2:CNY86.00 |
| 本书将向你传授泥塑人体的基础知识,包括基本躯干、肌肉结构以及手和脚的单独塑造技巧,并特别介绍雕塑中的“BLT”法则、“3P”法则、“3F”法则等一系列实用技巧。全书模拟了一个真实的工作室,用近500幅图片带领读者经历了一个完整的雕塑过程:从基本构架、塑造过程到收尾阶段,展示了艺术家如何用工具和双手表达自我。 |
| ● |
| 相关链接 |
|
|
|
正题名:泥塑人体
索取号:J314.7/2
 
预约/预借
| 序号 | 登录号 | 条形码 | 馆藏地/架位号 | 状态 | 备注 |
| 1 | 2000910472 | 2000910472 | 第三书库/ [索取号:J314.7/2] | 在馆 | |
| 2 | 2000910473 | 2000910473 | 第三书库/ [索取号:J314.7/2] | 在馆 | |
| 3 | 2000910474 | 2000910474 | 第三书库/ [索取号:J314.7/2] | 在馆 |